NCAAM DII Basketball Logo Quiz: GLIAC - Statistics

General Stats
  • This quiz has been taken 27 times
    10 since last reset
  • The average score is 6 of 11
Answer Stats
Picture Answer % Correct
Grand Valley St.
89%
Ferris St.
78%
Lake Superior St.
67%
Michigan Tech
67%
Northern Michigan
67%
Wayne St.
67%
Davenport
56%
Wisconsin-Parkside
44%
Purdue Northwest
33%
Roosevelt
33%
Saginaw Valley St.
22%
No matching quizzes found
Score Distribution
Percent of People with Each Score
Percentile by Number Answered
Your Score History
You have not taken this quiz since the last reset